| 000 | 00327nam a22001337a 4500 | ||
|---|---|---|---|
| 020 | _a9780470161005 | ||
| 050 |
_aHF 5636 _b.I57 2010 |
||
| 245 |
_aIntermediate accounting _cDonald E.Kieso (et at.) |
||
| 250 | _a9 th ed. | ||
| 260 |
_aCanada: _bJohn Wiley, _c2010. |
||
| 300 | _a1672p. | ||
| 650 | _xAccounting | ||
| 942 |
_2lcc _cGEN |
||
| 999 |
_c5590 _d5590 |
||